000 00649nam a22002417a 4500
003 UA-OsUOA
001 48905
007 ta
008 20130819b un ||||| |||| 00| 0 ukr d
100 _aКравців Б.
090 _a09.-82-1
_bК78
942 _cBR
040 _aUA-OsUOA
_bukr
_cUA-OsUOA
_dUA-OsUOA
245 _aСонети і строфи
300 _a38 с.
955 _a3
041 _aukr
080 _a09.-82-1
260 _aЛьвів
_c1933
650 7 _a0 Загальний відділ.
_2UDC
999 _c429027
_d429027